[Event "4NCL Division 3"]
[Site "Daventry Court ENG"]
[Date "2014.03.22"]
[Round "7.106"]
[White "Graham, David B"]
[Black "Mercs, Peter J"]
[Result "0-1"]
[WhiteElo "2165"]
[BlackElo "2063"]
[PlyCount "108"]
[EventDate "2014.03.22"]
[WhiteTeam "Sussex Smart Survivors 1"]
[BlackTeam "Ashfield-Breadsall"]

1. e4 c5 2. Nc3 Nc6 3. f4 g6 4. Nf3 Bg7 5. Bc4 e6 6. O-O Nge7 7. Qe1 O-O 8. d3
f5 9. e5 a6 10. a4 b6 11. Bd2 Bb7 12. Qh4 Nb4 13. Bb3 Nec6 14. Qh3 Na5 15. Ng5
h6 16. Bxe6+ dxe6 17. Nxe6 Qe7 18. Nxf8 Rxf8 19. Rac1 Nac6 20. Ne2 Rd8 21. Be1
Qe6 22. Bh4 Rd7 23. Rfd1 Nd4 24. Nxd4 cxd4 25. c3 Nd5 26. Rf1 Ne3 27. Rf2 Ng4
28. Re2 Rc7 29. c4 Bf8 30. Be1 g5 31. Bd2 gxf4 32. Bxf4 Rg7 33. Qh5 Rg6 34. Rf1
Bc5 35. h3 Ne3 36. Bxe3 dxe3 37. Rxf5 Qc6 38. Kf1 Kg7 39. Rf6 Rxf6+ 40. exf6+
Qxf6+ 41. Ke1 Bc6 42. Qg4+ Kh7 43. d4 Bxd4 44. Qc8 Be4 45. Qe8 Bg6 46. Qd7+ Qg7
47. Qe6 Bc5 48. Rxe3 Bxe3 49. Qxe3 Qxb2 50. Qe7+ Qg7 51. Qb4 Qe5+ 52. Kd1 Bd3
53. Kc1 Qc5 54. Qb2 Qg1+ 0-1

[Event "4NCL Division 3"]
[Site "Daventry Court ENG"]
[Date "2014.03.22"]
[Round "7.107"]
[White "Walker, Andrew N"]
[Black "Grant, David J"]
[Result "1/2-1/2"]
[WhiteElo "2098"]
[BlackElo "2103"]
[PlyCount "42"]
[EventDate "2014.03.22"]
[WhiteTeam "Ashfield-Breadsall"]
[BlackTeam "Sussex Smart Survivors 1"]

1. e4 c5 2. Nc3 Nc6 3. g3 g6 4. Bg2 Bg7 5. d3 e6 6. Be3 Qa5 7. Nge2 b5 8. Qd2
b4 9. Nd1 Nge7 10. O-O O-O 11. Bh6 Bb7 12. Bxg7 Kxg7 13. Ne3 f5 14. e5 Qc7 15.
f4 Nd4 16. Nxd4 cxd4 17. Nc4 Bxg2 18. Qxg2 Nd5 19. Qe2 Qc5 20. h4 Rac8 21. Rf2
h5 1/2-1/2

[Event "4NCL Division 3"]
[Site "Daventry Court ENG"]
[Date "2014.03.22"]
[Round "7.108"]
[White "Cumming, Rhys"]
[Black "Jarvis, Derek A"]
[Result "1-0"]
[WhiteElo "2033"]
[BlackElo "1916"]
[PlyCount "107"]
[EventDate "2014.03.22"]
[WhiteTeam "Sussex Smart Survivors 1"]
[BlackTeam "Ashfield-Breadsall"]

1. e4 e6 2. d4 d5 3. e5 c5 4. c3 Nc6 5. Nf3 Bd7 6. Be2 Nge7 7. Na3 cxd4 8. cxd4
Nf5 9. Nc2 Be7 10. a3 Qb6 11. b4 Rc8 12. O-O O-O 13. Bd3 Kh8 14. g4 Nfxd4 15.
Nfxd4 Nxe5 16. Be2 Ba4 17. Be3 Nc4 18. Rc1 Bf6 19. Bxc4 Rxc4 20. g5 Bxd4 21.
Bxd4 Qc7 22. Bc5 Rc8 23. Qd2 Rg4+ 24. Kh1 Bxc2 25. Qxc2 b6 26. Qd1 Qf4 27. Be3
Rxc1 28. Bxc1 Qc4 29. f3 Rd4 30. Qe1 a5 31. Be3 Rd3 32. Bxb6 axb4 33. Qxb4 Qc8
34. Bd4 Kg8 35. Qb2 Qf8 36. Rc1 Rxf3 37. Bxg7 Qa8 38. Bf6 d4 39. Qg2 d3 40. Kg1
Qa7+ 41. Kh1 Qb7 42. Rc8+ Qxc8 43. Qxf3 Qc1+ 44. Kg2 Qxa3 45. Qf4 Qa2+ 46. Kg3
Qb1 47. Bc3 Qg1+ 48. Kh3 Qb6 49. Bd4 Qd8 50. Qe5 f6 51. Qxe6+ Kf8 52. gxf6 Qc7
53. Be5 Qf7 54. Bd6+ 1-0

[Event "4NCL Division 3"]
[Site "Daventry Court ENG"]
[Date "2014.03.22"]
[Round "7.109"]
[White "Taylor, Robert P"]
[Black "Higgs, Anthony RJ"]
[Result "1-0"]
[WhiteElo "1898"]
[BlackElo "1982"]
[PlyCount "73"]
[EventDate "2014.03.22"]
[WhiteTeam "Ashfield-Breadsall"]
[BlackTeam "Sussex Smart Survivors 1"]

1. d4 Nf6 2. Bg5 Ne4 3. Bf4 d5 4. e3 e6 5. Bd3 Nd7 6. Nf3 Ndf6 7. Ne5 c6 8. O-O
Be7 9. Nd2 Nxd2 10. Qxd2 O-O 11. Qe2 c5 12. c3 Bd7 13. Nxd7 Qxd7 14. b3 Rac8
15. Rac1 a6 16. Rfd1 cxd4 17. cxd4 Ba3 18. Rxc8 Rxc8 19. h3 Qc6 20. g4 Ne4 21.
Rf1 Qc3 22. f3 Nf6 23. Rd1 Bc1 24. Kg2 Qa5 25. Bc2 Ba3 26. e4 Qc3 27. Bb1 dxe4
28. fxe4 Qc6 29. Kg3 g6 30. Rf1 Qc3+ 31. Be3 Nd7 32. Qf3 Rf8 33. Rf2 Bb4 34.
Kg2 Qc7 35. Bh6 e5 36. dxe5 Nxe5 37. Qf6 1-0

[Event "4NCL Division 3"]
[Site "Daventry Court ENG"]
[Date "2014.03.22"]
[Round "7.110"]
[White "Payne, Matthew J"]
[Black "Graham, Neil"]
[Result "1/2-1/2"]
[WhiteElo "1950"]
[BlackElo "1841"]
[PlyCount "81"]
[EventDate "2014.03.22"]
[WhiteTeam "Sussex Smart Survivors 1"]
[BlackTeam "Ashfield-Breadsall"]

1. e4 e5 2. Nf3 Nf6 3. Nxe5 d6 4. Nf3 Nxe4 5. Nc3 Nxc3 6. dxc3 Be7 7. Bf4 Be6
8. Bd3 Nd7 9. Nd4 Nc5 10. Nxe6 Nxd3+ 11. Qxd3 fxe6 12. O-O O-O 13. Qc4 Qd7 14.
Rae1 Rae8 15. Bg3 Bd8 16. Re3 Kh8 17. Qg4 Qf7 18. Rfe1 e5 19. Qa4 a6 20. f4 b5
21. Qb3 Qxb3 22. cxb3 c6 23. Re4 h5 24. fxe5 dxe5 25. Bxe5 Bb6+ 26. Bd4 Rxe4
27. Rxe4 Bxd4+ 28. Rxd4 Rf6 29. Rd8+ Kh7 30. Ra8 c5 31. Rc8 Rd6 32. Rxc5 Rd1+
33. Kf2 Rd2+ 34. Kf3 Rxb2 35. c4 bxc4 36. bxc4 Rxa2 37. Rxh5+ Kg6 38. g4 Rc2
39. c5 a5 40. Ke4 a4 41. Rh3 1/2-1/2

[Event "4NCL Division 3"]
[Site "Daventry Court ENG"]
[Date "2014.03.22"]
[Round "7.117"]
[White "Hawkins, James NH"]
[Black "Ruthen, Stephen W"]
[Result "0-1"]
[WhiteElo "1946"]
[BlackElo "2052"]
[PlyCount "88"]
[EventDate "2014.03.22"]
[WhiteTeam "Ferry 'Cross the Maroczy 1"]
[BlackTeam "Iceni 1"]

1. e4 e5 2. Nf3 Nc6 3. Nc3 Nf6 4. d4 exd4 5. Nxd4 Bb4 6. Nxc6 bxc6 7. Bd3 d5 8.
exd5 cxd5 9. O-O O-O 10. Bg5 c6 11. Qf3 h6 12. Bxf6 Qxf6 13. Qxf6 gxf6 14. Ne2
Re8 15. c3 Bd6 16. Rfe1 Bd7 17. Ng3 Re5 18. Rxe5 fxe5 19. Bf5 Be6 20. Bxe6 fxe6
21. Rd1 Bc5 22. Re1 Rf8 23. Re2 a5 24. Nf1 e4 25. Ne3 h5 26. Nc2 e5 27. b4 axb4
28. cxb4 Ba7 29. Ne3 Rb8 30. a3 Kf7 31. Rc2 d4 32. Nf1 c5 33. Ng3 d3 34. Rd2
cxb4 35. Nxe4 bxa3 36. g4 Rb3 37. gxh5 Kg7 38. Kg2 Kh6 39. Kf3 Kxh5 40. Ng3+
Kg6 41. Ke4 Rb4+ 42. Kxe5 Bd4+ 43. Ke6 Bb2 44. Rxd3 a2 0-1

[Event "4NCL Division 3"]
[Site "Daventry Court ENG"]
[Date "2014.03.22"]
[Round "7.118"]
[White "Feavyour, John A"]
[Black "Boumphrey, Luke S"]
[Result "1-0"]
[WhiteElo "2045"]
[BlackElo "1982"]
[PlyCount "64"]
[EventDate "2014.03.22"]
[WhiteTeam "Iceni 1"]
[BlackTeam "Ferry 'Cross the Maroczy 1"]

1. d4 Nf6 2. c4 g6 3. Nc3 Bg7 4. e4 d6 5. f4 O-O 6. Nf3 c5 7. dxc5 dxc5 8. Bd3
Nc6 9. O-O Nb4 10. Bb1 b6 11. e5 Ng4 12. h3 Nh6 13. Be4 Rb8 14. a3 Na6 15. g4
Bb7 16. Qc2 Bxe4 17. Qxe4 e6 18. Be3 Qe7 19. Nb5 Rfd8 20. Rad1 Kh8 21. Nd6 Ng8
22. Ng5 Nh6 23. Rd2 f5 24. Qg2 Rf8 25. gxf5 Nxf5 26. Nxf5 gxf5 27. Rfd1 Rb7 28.
Kh1 Rg8 29. Qc6 Bh6 30. Rd7 Rxd7 31. Rxd7 Bxg5 32. Rxe7 Bxe7 1-0

[Event "4NCL Division 3"]
[Site "Daventry Court ENG"]
[Date "2014.03.22"]
[Round "7.120"]
[White "Downham, Alan F"]
[Black "Stephens, Ian Paul"]
[Result "1-0"]
[WhiteElo "1992"]
[BlackElo "1867"]
[PlyCount "113"]
[EventDate "2014.03.22"]
[WhiteTeam "Iceni 1"]
[BlackTeam "Ferry 'Cross the Maroczy 1"]

1. c4 Nf6 2. Nc3 g6 3. g3 Bg7 4. Bg2 O-O 5. e4 d6 6. Nge2 Nbd7 7. O-O c5 8. d3
Rb8 9. h3 a6 10. Be3 b5 11. Qd2 Re8 12. Rac1 bxc4 13. dxc4 Bb7 14. f4 Nb6 15.
b3 Qc7 16. g4 Rbd8 17. Ng3 e6 18. Qf2 Nfd7 19. Nce2 d5 20. cxd5 exd5 21. Bxc5
Nxc5 22. Rxc5 Qe7 23. e5 d4 24. Rcc1 Bxg2 25. Kxg2 Qb7+ 26. Kh2 d3 27. Nc3 f6
28. f5 Rxe5 29. Rcd1 Qb8 30. Qf3 d2 31. fxg6 hxg6 32. Rf2 Rde8 33. Rfxd2 Re3
34. Qxe3 Rxe3 35. Rd8+ Re8 36. Rxb8 Rxb8 37. Rd3 Rc8 38. Nge2 Kf7 39. Rd6 Rb8
40. Rc6 Rb7 41. Kg3 f5 42. gxf5 Be5+ 43. Kg4 gxf5+ 44. Kxf5 Nd7 45. Rxa6 Rc7
46. Ne4 Rc2 47. Nf4 Bb8 48. b4 Rc1 49. Ng5+ Ke7 50. Rh6 Rf1 51. Re6+ Kd8 52.
Re4 Nb6 53. Nge6+ Kc8 54. Rd4 Kb7 55. h4 Kc6 56. h5 Nd5 57. Rxd5 1-0

[Event "4NCL Division 3"]
[Site "Daventry Court ENG"]
[Date "2014.03.22"]
[Round "7.125"]
[White "Wallace, Paul A"]
[Black "Littlejohns, David P"]
[Result "1-0"]
[WhiteElo "2152"]
[BlackElo "2034"]
[PlyCount "73"]
[EventDate "2014.03.22"]
[WhiteTeam "Cheddleton 2"]
[BlackTeam "West is Best 1"]

1. e4 c6 2. d4 d5 3. e5 Bf5 4. Nf3 e6 5. Be2 h6 6. O-O Nd7 7. b3 Be7 8. c4 h5
9. Nc3 a6 10. c5 Nh6 11. Bd2 Bg4 12. Bxh6 Rxh6 13. b4 b5 14. a4 f6 15. Re1 Kf7
16. Ra3 Rh8 17. exf6 Bxf6 18. h3 Bf5 19. Bd3 g6 20. Ne2 Re8 21. Nf4 Qc7 22. Qd2
Rab8 23. axb5 axb5 24. Rea1 Rb7 25. Re1 Rbb8 26. Raa1 Nf8 27. Ne5+ Bxe5 28.
Rxe5 Nd7 29. Re2 Nf6 30. f3 Ra8 31. Rae1 Rad8 32. Bxf5 exf5 33. Ne6 Rxe6 34.
Rxe6 Ne4 35. fxe4 Kxe6 36. exd5+ Kxd5 37. Qc3 1-0

[Event "4NCL Division 3"]
[Site "Daventry Court ENG"]
[Date "2014.03.22"]
[Round "7.126"]
[White "Edgell, Ben P"]
[Black "Richardson, Alex"]
[Result "1-0"]
[WhiteElo "2096"]
[BlackElo "2110"]
[PlyCount "75"]
[EventDate "2014.03.22"]
[WhiteTeam "West is Best 1"]
[BlackTeam "Cheddleton 2"]

1. Nf3 c5 2. c4 Nf6 3. g3 d5 4. cxd5 Nxd5 5. Bg2 Nc6 6. O-O e5 7. Nc3 Nxc3 8.
bxc3 Be7 9. Rb1 O-O 10. d3 Kh8 11. Nd2 Na5 12. c4 f5 13. Bb2 Bd6 14. Rc1 Bd7
15. Nb1 Bc6 16. e4 Qb6 17. Qe2 fxe4 18. dxe4 Bd7 19. Nc3 Nxc4 20. Qxc4 Qxb2 21.
Rb1 b5 22. Qd3 c4 23. Qxd6 Qxc3 24. Qxd7 a6 25. Rbd1 Qa5 26. Qd2 c3 27. Qc2 b4
28. Rd5 Qc7 29. Rc1 a5 30. Bf1 Rf6 31. Bd3 Raf8 32. Rf1 Ra8 33. Qa4 h5 34. Qd1
Rh6 35. Bc2 h4 36. Qg4 Rd8 37. Rfd1 Rxd5 38. exd5 1-0

[Event "4NCL Division 3"]
[Site "Daventry Court ENG"]
[Date "2014.03.22"]
[Round "7.127"]
[White "Acey, Gerald"]
[Black "Stuttard, Terence J"]
[Result "1/2-1/2"]
[WhiteElo "2128"]
[BlackElo "2026"]
[PlyCount "73"]
[EventDate "2014.03.22"]
[WhiteTeam "Cheddleton 2"]
[BlackTeam "West is Best 1"]

1. d4 f5 2. Bg5 Nf6 3. Nc3 e6 4. e4 fxe4 5. Nxe4 Be7 6. Bxf6 Bxf6 7. Nf3 O-O 8.
Bd3 Nc6 9. O-O b6 10. c3 Bb7 11. Qc2 g6 12. Rae1 a5 13. Re3 Ba6 14. Bxa6 Rxa6
15. Nxf6+ Rxf6 16. d5 exd5 17. Qd3 Ra8 18. Qxd5+ Kg7 19. Rfe1 Rd6 20. Qc4 Qg8
21. Qh4 Rf8 22. h3 Kh8 23. Ng5 Rdf6 24. Re8 Rf4 25. g4 h5 26. R8e4 Qxa2 27.
Rxf4 Rxf4 28. Qg3 Rf6 29. gxh5 Qg8 30. h6 d6 31. c4 Nd4 32. Qe3 c5 33. Qe7 Rf4
34. Qxd6 Rf5 35. h4 Qf8 36. Qxf8+ Rxf8 37. Re7 1/2-1/2

[Event "4NCL Division 3"]
[Site "Daventry Court ENG"]
[Date "2014.03.22"]
[Round "7.128"]
[White "Richardt, Mike"]
[Black "Armstrong, Malcolm J"]
[Result "1/2-1/2"]
[WhiteElo "1968"]
[BlackElo "2118"]
[PlyCount "53"]
[EventDate "2014.03.22"]
[WhiteTeam "West is Best 1"]
[BlackTeam "Cheddleton 2"]

1. d4 d5 2. Nf3 Nf6 3. e3 g6 4. c4 c6 5. Nc3 Bg7 6. Qb3 O-O 7. Ne5 a6 8. a4 e6
9. f4 Nbd7 10. Nxd7 Nxd7 11. Be2 c5 12. dxc5 Nxc5 13. Qa3 d4 14. Qxc5 dxc3 15.
b3 b6 16. Qg5 Bf6 17. Qh6 Bg7 18. Qg5 Qxg5 19. fxg5 Bb7 20. Bf3 Rab8 21. Ba3
Rfd8 22. Rd1 Rxd1+ 23. Kxd1 h6 24. gxh6 Bxh6 25. Kc2 Bxf3 26. gxf3 Bxe3 27.
Kxc3 1/2-1/2

[Event "4NCL Division 3"]
[Site "Daventry Court ENG"]
[Date "2014.03.22"]
[Round "7.130"]
[White "Hassall, Mark I"]
[Black "Edwards, Simon R"]
[Result "1-0"]
[WhiteElo "1952"]
[BlackElo "1966"]
[PlyCount "115"]
[EventDate "2014.03.22"]
[WhiteTeam "West is Best 1"]
[BlackTeam "Cheddleton 2"]

1. e4 c5 2. Nf3 g6 3. d4 cxd4 4. Nxd4 Bg7 5. Nc3 Nc6 6. Be3 Nf6 7. Bc4 O-O 8.
Bb3 a5 9. O-O Ng4 10. Qxg4 Nxd4 11. Qd1 Nxb3 12. axb3 b5 13. Nd5 Ra6 14. Bd4
Rc6 15. Bxg7 Kxg7 16. Qd4+ f6 17. c3 e6 18. Ne3 Qc7 19. Rfd1 Rd8 20. g3 d6 21.
f4 Rd7 22. f5 e5 23. Qd2 Qb6 24. Qf2 Ra7 25. g4 g5 26. Nd5 Qxf2+ 27. Kxf2 Bb7
28. Ke3 h5 29. gxh5 Ra8 30. Kf3 a4 31. bxa4 bxa4 32. h6+ Kxh6 33. Nxf6 a3 34.
Rxa3 Rxa3 35. bxa3 Rxc3+ 36. Kg4 Ba6 37. Rd2 Rxa3 38. h4 gxh4 39. Kxh4 Kg7 40.
Ne8+ Kf7 41. Nxd6+ Ke7 42. Rd5 Re3 43. Rxe5+ Kxd6 44. Re6+ Kd7 45. Rxa6 Rxe4+
46. Kg5 Re1 47. Kf6 Rf1 48. Re6 Rf2 49. Kg6 Rg2+ 50. Kf7 Rh2 51. Rg6 Rf2 52. f6
Rf1 53. Rg2 Rf3 54. Rd2+ Kc7 55. Ke7 Re3+ 56. Kf8 Rg3 57. f7 Kc8 58. Rd5 1-0

[Event "4NCL Division 3"]
[Site "Daventry Court ENG"]
[Date "2014.03.22"]
[Round "7.135"]
[White "Hoffman, Hendrik"]
[Black "Robertson, David J"]
[Result "1-0"]
[WhiteElo "2244"]
[BlackElo "1921"]
[PlyCount "87"]
[EventDate "2014.03.22"]
[WhiteTeam "Celtic Tigers 1"]
[BlackTeam "Spirit of Atticus B"]

1. e4 c5 2. Nf3 e6 3. d4 cxd4 4. Nxd4 Nc6 5. Nc3 Qc7 6. Nb3 a6 7. Bd3 Nf6 8.
O-O Be7 9. f4 d6 10. Qf3 O-O 11. Bd2 Bd7 12. Rae1 Be8 13. Qh3 e5 14. Nd5 Qc8
15. f5 Bd8 16. g4 a5 17. Nxf6+ Bxf6 18. g5 Bd8 19. Qh5 Ne7 20. Rf3 f6 21. Qh4
fxg5 22. Bxg5 Rf7 23. Qg3 Kh8 24. Kh1 b5 25. Qh4 a4 26. Nd2 Ng8 27. Rh3 Nh6 28.
Nf3 Bc6 29. Kg1 Qd7 30. Qg3 Bxg5 31. Nxg5 Rf6 32. Re2 Re8 33. Ne6 Qa7+ 34. Rf2
d5 35. exd5 Bxd5 36. Kf1 Bxe6 37. fxe6 Rxf2+ 38. Qxf2 Qxf2+ 39. Kxf2 Rxe6 40.
Bxb5 Rf6+ 41. Rf3 Ng4+ 42. Kg3 e4 43. Rxf6 Nxf6 44. Bxa4 1-0

[Event "4NCL Division 3"]
[Site "Daventry Court ENG"]
[Date "2014.03.22"]
[Round "7.137"]
[White "Kemp, Peter D"]
[Black "Jackson, Sheila"]
[Result "1/2-1/2"]
[WhiteElo "2157"]
[BlackElo "2139"]
[PlyCount "76"]
[EventDate "2014.03.22"]
[WhiteTeam "Celtic Tigers 1"]
[BlackTeam "Spirit of Atticus B"]

1. d4 Nf6 2. c4 e6 3. g3 Bb4+ 4. Bd2 Qe7 5. Bg2 Nc6 6. e3 h5 7. Nc3 h4 8. Qc2
Bxc3 9. Bxc3 d5 10. cxd5 exd5 11. Ne2 h3 12. Bf3 g5 13. g4 Bxg4 14. Bxg4 Nxg4
15. Qf5 Qe4 16. Qxe4+ dxe4 17. Ng3 O-O-O 18. Nxe4 Rhe8 19. Nxg5 Nxd4 20. Bxd4
Rxd4 21. Ke2 f5 22. Rad1 Rb4 23. b3 f4 24. Nxh3 fxe3 25. f3 Nh6 26. Ng5 Rh4 27.
Rd5 c6 28. Rdd1 Nf5 29. Ne4 Rg8 30. Nd6+ Nxd6 31. Rxd6 Kc7 32. Rd3 Rg2+ 33.
Kxe3 Rxa2 34. Rg1 Rb2 35. f4 Rh3+ 36. Rg3 Rhxh2 37. f5 Rhf2 38. Rf3 Rbe2+
1/2-1/2

[Event "4NCL Division 3"]
[Site "Daventry Court ENG"]
[Date "2014.03.22"]
[Round "7.139"]
[White "Skulte, Christopher"]
[Black "Bryant, Richard BE"]
[Result "1-0"]
[WhiteElo "1970"]
[BlackElo "1964"]
[PlyCount "59"]
[EventDate "2014.03.22"]
[WhiteTeam "Celtic Tigers 1"]
[BlackTeam "Spirit of Atticus B"]

1. e4 e6 2. d4 d5 3. Nd2 Nf6 4. e5 Nfd7 5. Bd3 c5 6. c3 Nc6 7. Ne2 cxd4 8. cxd4
f6 9. Nf4 Nxd4 10. Qh5+ Ke7 11. Ng6+ hxg6 12. exf6+ gxf6 13. Qxh8 Ne5 14. Bxg6
Nxg6 15. Qh7+ Kd6 16. Qxg6 f5 17. O-O Bd7 18. Re1 Qa5 19. Qg3+ Kc6 20. Qd3 Bg7
21. b4 Qb5 22. Qc3+ Kb6 23. Qe3 f4 24. Qxf4 Nc2 25. a4 Bxa1 26. axb5 Nxe1 27.
Qd6+ Bc6 28. bxc6 bxc6 29. Qc5+ Kb7 30. Nb3 1-0

[Event "4NCL Division 3"]
[Site "Daventry Court ENG"]
[Date "2014.03.22"]
[Round "7.140"]
[White "Connor, Stephen J"]
[Black "Herring, Sam AC"]
[Result "1-0"]
[WhiteElo "2008"]
[BlackElo "1754"]
[PlyCount "77"]
[EventDate "2014.03.22"]
[WhiteTeam "Spirit of Atticus B"]
[BlackTeam "Celtic Tigers 1"]

1. e4 e6 2. d3 d5 3. Qe2 Nf6 4. Nf3 c5 5. e5 Nfd7 6. g3 Nc6 7. c4 d4 8. h4 Be7
9. Bg2 Qc7 10. Bf4 a6 11. O-O b5 12. Nbd2 Bb7 13. b3 h6 14. Rfe1 Rc8 15. Rac1
O-O 16. h5 Nb6 17. cxb5 axb5 18. Ne4 Nb4 19. Qd2 Bxe4 20. Rxe4 Qa7 21. Ra1 Kh7
22. g4 N6d5 23. Bg3 Nc3 24. Ree1 Nbxa2 25. g5 Bxg5 26. Nxg5+ hxg5 27. Qxg5 Qd7
28. Rxa2 Nxa2 29. Be4+ g6 30. hxg6+ fxg6 31. Qxg6+ Kh8 32. Qh6+ Kg8 33. Kg2 Qg7
34. Qxe6+ Qf7 35. Qh6 Nc3 36. Rh1 Qg7 37. Qe6+ Qf7 38. Bh7+ Kg7 39. Qh6+ 1-0

[Event "4NCL Division 3"]
[Site "Daventry Court ENG"]
[Date "2014.03.22"]
[Round "7.146"]
[White "Crombleholme, Alan K"]
[Black "Allison, Conrad"]
[Result "1/2-1/2"]
[WhiteElo "2109"]
[BlackElo "1911"]
[PlyCount "112"]
[EventDate "2014.03.22"]
[WhiteTeam "Surbiton"]
[BlackTeam "KJCA Knights"]

1. d4 Nf6 2. c4 g6 3. Nc3 Bg7 4. e4 d6 5. Be2 O-O 6. Nf3 e5 7. O-O Nc6 8. d5
Ne7 9. a4 a5 10. Ne1 Nd7 11. Nd3 f5 12. Bd2 Rf7 13. Rc1 Nf6 14. f3 b6 15. g4
Qd7 16. exf5 gxf5 17. g5 Nh5 18. f4 Nxf4 19. Bxf4 exf4 20. Nxf4 Qd8 21. Bh5 Rf8
22. Kh1 Be5 23. Qd2 Kg7 24. Nce2 Ng6 25. Bxg6 hxg6 26. Nd4 Re8 27. Nde6+ Bxe6
28. Nxe6+ Rxe6 29. dxe6 Qe7 30. Rf2 Qxe6 31. Qd5 Re8 32. Qxe6 Rxe6 33. Re1 Kf7
34. Kg2 Re8 35. h4 Ke6 36. Rh1 Rh8 37. Re2 Kd7 38. b3 Kc6 39. Re3 Kc5 40. h5
gxh5 41. Reh3 Kb4 42. Rxh5 Rxh5 43. Rxh5 Kxb3 44. g6 Kxc4 45. Rxf5 Bb2 46. Kf3
c5 47. Ke2 Kb3 48. Rf1 Kxa4 49. Rb1 Be5 50. Rxb6 d5 51. Kd1 d4 52. Re6 Bh8 53.
Re8 Bf6 54. Rf8 Bg7 55. Rf7 Bh8 56. Rh7 Bf6 1/2-1/2

[Event "4NCL Division 3"]
[Site "Daventry Court ENG"]
[Date "2014.03.22"]
[Round "7.147"]
[White "Hand, Freddie"]
[Black "Kalavannan, Koby"]
[Result "1/2-1/2"]
[WhiteElo "1748"]
[BlackElo "1888"]
[PlyCount "78"]
[EventDate "2014.03.22"]
[WhiteTeam "KJCA Knights"]
[BlackTeam "Surbiton"]

1. d4 Nf6 2. c4 g6 3. f3 Bg7 4. e4 d6 5. Nc3 O-O 6. Be3 a5 7. Nge2 Na6 8. Qd2
Qe8 9. g4 e5 10. d5 b6 11. Ng3 Nd7 12. h4 Qe7 13. h5 Re8 14. Bh6 Bh8 15. hxg6
fxg6 16. O-O-O Ndc5 17. Rh3 Nb4 18. Qh2 Bf6 19. Kb1 Qf7 20. Be2 Re7 21. Rh1 Bd7
22. Bd1 a4 23. Qd2 Qe8 24. Bg5 Bxg5 25. Qxg5 Rg7 26. Rh6 Qe7 27. Qd2 Nbd3 28.
Bc2 Nb4 29. Bd1 Rf8 30. Be2 Nba6 31. Nd1 Qf7 32. Nf2 Qf4 33. Qxf4 Rxf4 34. Nh3
Rff7 35. Ng5 Re7 36. Nf1 Nb4 37. Ne3 Be8 38. Nh3 Nba6 39. Nf2 Ref7 1/2-1/2

[Event "4NCL Division 3"]
[Site "Daventry Court ENG"]
[Date "2014.03.22"]
[Round "7.148"]
[White "James, Angus S"]
[Black "Anilkumar, Anantha P (jnr)"]
[Result "1/2-1/2"]
[WhiteElo "1958"]
[BlackElo "1747"]
[PlyCount "54"]
[EventDate "2014.03.22"]
[WhiteTeam "Surbiton"]
[BlackTeam "KJCA Knights"]

1. e4 c5 2. Nf3 d6 3. Bb5+ Bd7 4. Bxd7+ Qxd7 5. O-O Nc6 6. c3 Nf6 7. Qe2 e6 8.
Rd1 Be7 9. d4 cxd4 10. cxd4 d5 11. e5 Ne4 12. Ne1 f6 13. f3 Ng5 14. Nc3 Nf7 15.
f4 O-O 16. Nf3 Rab8 17. f5 Nfd8 18. Bf4 Rc8 19. fxe6 Nxe6 20. Be3 Rfd8 21. Rd2
Qc7 22. exf6 Bxf6 23. Qd3 Na5 24. Qf5 Qd6 25. Ne5 Nc4 26. Nxc4 Rxc4 27. Rad1 a6
1/2-1/2

[Event "4NCL Division 3"]
[Site "Daventry Court ENG"]
[Date "2014.03.22"]
[Round "7.156"]
[White "Burrows, Nick"]
[Black "Gardiner, Eric D"]
[Result "0-1"]
[WhiteElo "1874"]
[BlackElo "2009"]
[PlyCount "120"]
[EventDate "2014.03.22"]
[WhiteTeam "Oxford 2"]
[BlackTeam "Bradford DCA Knights B"]

1. Nf3 d5 2. d4 Nc6 3. Bf4 Bg4 4. e3 e6 5. c4 Bb4+ 6. Nc3 Nge7 7. Rc1 O-O 8.
Be2 dxc4 9. Bxc4 Nd5 10. Bg3 Nxc3 11. bxc3 Bd6 12. Be2 Qe7 13. O-O Bxg3 14.
hxg3 b6 15. c4 Na5 16. c5 Rad8 17. Ne5 Bxe2 18. Qxe2 f6 19. Nc4 Nxc4 20. Qxc4
Kh8 21. Rfd1 h6 22. Qa6 Ra8 23. Qb7 Rfb8 24. Qc6 Rd8 25. Qb7 Rdb8 26. Qe4 Re8
27. Rd2 Qd7 28. Rdc2 b5 29. c6 Qd6 30. Rb2 Reb8 31. Qb1 a6 32. a4 b4 33. a5 Rb5
34. Rc4 Rab8 35. Rb3 Kg8 36. e4 Rxa5 37. e5 fxe5 38. Rcxb4 Rxb4 39. Rxb4 Rb5
40. Rxb5 axb5 41. Qxb5 exd4 42. Kf1 Kf7 43. Qh5+ Kf8 44. Qf3+ Ke7 45. Qe4 Qd5
46. Qh4+ Kd6 47. Qd8+ Kxc6 48. Qa8+ Kd7 49. Qf8 Qb5+ 50. Ke1 Qe5+ 51. Kf1 d3
52. Qf7+ Kc6 53. Qe8+ Kb7 54. Qa4 Qd5 55. Qb4+ Kc6 56. Qc3+ Qc5 57. Qe1 Qc4 58.
Kg1 Kd6 59. f4 Qd4+ 60. Kf1 d2 0-1

[Event "4NCL Division 3"]
[Site "Daventry Court ENG"]
[Date "2014.03.22"]
[Round "7.157"]
[White "Jennings, Roger W"]
[Black "Nandi, Robin J"]
[Result "1-0"]
[WhiteElo "2147"]
[BlackElo "1953"]
[PlyCount "115"]
[EventDate "2014.03.22"]
[WhiteTeam "Bradford DCA Knights B"]
[BlackTeam "Oxford 2"]

1. g3 d5 2. Bg2 Nf6 3. Nf3 Nbd7 4. d4 e6 5. O-O Bd6 6. b3 e5 7. dxe5 Nxe5 8.
Bb2 Nxf3+ 9. Bxf3 c6 10. Nd2 O-O 11. e4 Nxe4 12. Nxe4 dxe4 13. Bxe4 Re8 14. Qd3
Be5 15. Qxd8 Rxd8 16. Bxe5 Re8 17. Rfe1 Rxe5 18. Bxh7+ Kxh7 19. Rxe5 Be6 20.
Rd1 Kg6 21. f4 Kf6 22. Kf2 a5 23. a4 g6 24. Ke3 Ke7 25. Kd2 Rh8 26. h4 b6 27.
Kc3 c5 28. Re3 Rc8 29. Re4 Rc6 30. Rde1 Rd6 31. R1e2 Rd8 32. Rd2 Rc8 33. Kd3
Kf6 34. Ke3 Rc6 35. c4 Bg4 36. Re5 Be6 37. Kf3 Bf5 38. Red5 Ke7 39. Re2+ Kf6
40. Rd8 Be6 41. g4 Ke7 42. Rd3 Kf6 43. Red2 Ke7 44. Re3 Kf6 45. Re5 Bc8 46. h5
gxh5 47. Rxh5 Ke7 48. Re5+ Kf6 49. Rh2 Kg7 50. Rg5+ Kf8 51. Rh8+ Ke7 52. Re5+
Kd7 53. Rh7 Rd6 54. Rxf7+ Kc6 55. Ree7 Bd7 56. Rxd7 Rxd7 57. Rxd7 Kxd7 58. f5
1-0

[Event "4NCL Division 3"]
[Site "Daventry Court ENG"]
[Date "2014.03.22"]
[Round "7.159"]
[White "Slinger, AJ (Tony)"]
[Black "Neatherway, A Philip"]
[Result "1-0"]
[WhiteElo "1950"]
[BlackElo "1856"]
[PlyCount "115"]
[EventDate "2014.03.22"]
[WhiteTeam "Bradford DCA Knights B"]
[BlackTeam "Oxford 2"]

1. d4 d5 2. c4 dxc4 3. e3 Nf6 4. Bxc4 e6 5. Nf3 c5 6. O-O a6 7. dxc5 Qa5 8. Be2
Bxc5 9. Nbd2 Be7 10. Nc4 Qc7 11. Bd2 Nc6 12. Rc1 O-O 13. Qb3 Ne4 14. Nb6 Rb8
15. Ba5 Qd6 16. Nxc8 Rbxc8 17. Bb6 Qb4 18. Qxb4 Nxb4 19. a3 Nd5 20. Bd4 Rfd8
21. Bd3 Nc5 22. Bc4 b5 23. Ba2 b4 24. Bxd5 exd5 25. axb4 Nd3 26. Rc3 Nxb4 27.
Ra1 Bd6 28. g3 f6 29. Bb6 Re8 30. Nd4 Be5 31. Bc5 Bxd4 32. exd4 Rb8 33. Rb3 Nc2
34. Rxb8 Rxb8 35. Rxa6 Rxb2 36. Rd6 Ne1 37. Rxd5 Nd3 38. Rd8+ Kf7 39. Rd7+ Kg6
40. Bf8 Nxf2 41. Rxg7+ Kf5 42. Rxh7 Kg4 43. Rh4+ Kg5 44. d5 Ng4 45. d6 Ne5 46.
Rf4 Rd2 47. Be7 Nd7 48. h4+ Kg6 49. Rf2 Rd1+ 50. Kg2 f5 51. Re2 Kf7 52. Kf3 Rd4
53. h5 Kg7 54. Re6 Kh7 55. Bg5 Nf8 56. Re7+ Kg8 57. Bf4 Nh7 58. Re5 1-0

[Event "4NCL Division 3"]
[Site "Daventry Court ENG"]
[Date "2014.03.22"]
[Round "7.160"]
[White "Terry, Sean"]
[Black "Patrick, David A"]
[Result "1-0"]
[WhiteElo "1918"]
[BlackElo "1879"]
[PlyCount "121"]
[EventDate "2014.03.22"]
[WhiteTeam "Oxford 2"]
[BlackTeam "Bradford DCA Knights B"]

1. d4 d5 2. Nf3 Nf6 3. g3 g6 4. Bg2 Bg7 5. O-O O-O 6. c3 c6 7. Bf4 Qb6 8. Qc1
Bf5 9. Nh4 Bg4 10. f3 Be6 11. e4 dxe4 12. fxe4 Bc4 13. Re1 Nbd7 14. b3 Ba6 15.
e5 Nd5 16. Kh1 Nxf4 17. gxf4 e6 18. Bh3 Qd8 19. Nf3 b5 20. Nbd2 c5 21. Ne4 Bb7
22. Qe3 cxd4 23. Qxd4 Nb6 24. Bg2 Bxe4 25. Qxe4 Nd5 26. c4 bxc4 27. bxc4 Ne7
28. Nd4 Nf5 29. Nxf5 gxf5 30. Qxa8 Qxa8 31. Bxa8 Rxa8 32. c5 Rc8 33. Rac1 Bh6
34. Rc4 Rc6 35. Rg1+ Kf8 36. Rd1 Ke8 37. Rd6 Rc7 38. Ra6 Kd7 39. c6+ Kc8 40.
Kg2 Bg7 41. Rc3 Bh6 42. Rg3 Kd8 43. Rg8+ Ke7 44. Kf3 Bf8 45. h4 h6 46. h5 Ke8
47. Rg2 Bc5 48. a4 Kf8 49. Rc2 Bg1 50. Rb2 Ke7 51. Rb8 f6 52. exf6+ Kxf6 53.
Rf8+ Ke7 54. Rh8 Kd6 55. Rxh6 Bb6 56. Rg6 Rxc6 57. a5 Rc3+ 58. Ke2 Ra3 59. h6
Kd5 60. axb6 Rxa6 61. b7 1-0